| 000 | 00408nam a22001697a 4500 | ||
|---|---|---|---|
| 003 | macl | ||
| 005 | 20151226161539.0 | ||
| 008 | 151226b xxu||||| |||| 00| 0 eng d | ||
| 040 | _cmacl | ||
| 041 | _aEnglish | ||
| 082 | _a741.642 | ||
| 100 |
_aDr. D. Chandra _922973 |
||
| 245 | _aThe Story Of Wind Energy | ||
| 260 |
_aKolkata _bDev Sahitya Kutir _c2009 |
||
| 650 |
_aChildren _922974 |
||
| 942 |
_2ddc _cBK |
||
| 999 |
_c52008 _d52008 |
||